[Event "WchT Rapid"]
[Site "London"]
[Date "2025.06.12"]
[Round "8.4"]
[White "Al Mudahka, Mohd"]
[Black "Xu, Yuanyuan"]
[Result "1-0"]
[WhiteElo "2479"]
[BlackElo "2251"]
[PlyCount "93"]
[EventDate "2025.06.11"]
[EventType "team-swiss"]
[EventRounds "12"]
[EventCountry "ENG"]
[SourceTitle "CB25_2025"]
[SourceDate "2025.06.18"]
[SourceVersion "1"]
[SourceVersionDate "2025.06.18"]
[SourceQuality "1"]
[WhiteTeam "FIDE MB Team"]
[BlackTeam "Turkish Airlines Sports"]
[BlackTeamCountry "TUR"]

1. e4 c6 2. d4 d5 3. exd5 cxd5 4. c3 Nc6 5. Bf4 Bf5 6. Qb3 Qd7 7. Nf3 e6 8. Bb5 f6 9. Nbd2 Bd6 10. Bg3 Nge7 11. 0-0 0-0 12. Rfe1 a6 13. Bf1 b5 14. a4 Na5 15. Qa2 b4 16. c4 Kh8 17. b3 Nac6 18. Qb2 Ng6 19. Rac1 Nf4 20. Re3 Bg6 21. Rce1 Rfe8 22. Qc1 Bf7 23. h3 Nh5 24. cxd5 exd5 25. Rxe8+ Bxe8 26. Bxd6 Qxd6 27. Bxa6 Nxd4 28. Nxd4 Qxa6 29. Qc5 Bf7 30. Qxb4 Nf4 31. Qb5 Qd6 32. Qb7 Qf8 33. Qe7 Qg8 34. Qd6 Nd3 35. Re7 Re8 36. N2f3 h6 37. a5 Rd8 38. Rd7 Rc8 39. Rc7 Rd8 40. Qe7 Bg6 41. Qxg7+ Qxg7 42. Rxg7 Kxg7 43. Ne6+ Kf7 44. Nxd8+ Ke7 45. a6 d4 46. Nc6+ Kd6 47. a7 1-0

[Event "WchT Rapid"]
[Site "London"]
[Date "2025.06.11"]
[Round "2.4"]
[White "Xu, Yuanyuan"]
[Black "Dicen, Elis Denele"]
[Result "1-0"]
[WhiteElo "2251"]
[BlackElo "1982"]
[PlyCount "181"]
[EventDate "2025.06.11"]
[EventType "team-swiss"]
[EventRounds "12"]
[EventCountry "ENG"]
[SourceTitle "CB25_2025"]
[SourceDate "2025.06.18"]
[SourceVersion "1"]
[SourceVersionDate "2025.06.18"]
[SourceQuality "1"]
[WhiteTeam "Turkish Airlines Sports"]
[BlackTeam "Chess Trust Accelerators"]
[WhiteTeamCountry "TUR"]
[BlackTeamCountry "ENG"]

1. d4 d5 2. c4 e6 3. Nc3 a6 4. cxd5 exd5 5. Nf3 Nf6 6. Bg5 Be6 7. e3 Nbd7 8. Bd3 Bd6 9. 0-0 c6 10. Ne2 h6 11. Bf4 Qe7 12. h3 0-0 13. Ne5 c5 14. Nxd7 Nxd7 15. Bxd6 Qxd6 16. dxc5 Nxc5 17. Bc2 Rfd8 18. Qd4 Rac8 19. Nf4 Nd7 20. Bb3 Nf6 21. Rac1 Rc6 22. Rxc6 bxc6 23. Rc1 Nd7 24. Nd3 Rc8 25. Nc5 Ne5 26. f4 Nd7 27. Ba4 Qe7 28. b4 Nb8 29. a3 Bf5 30. Nb3 Re8 31. Rc3 Bd7 32. Na5 Qh4 33. Qd2 Re6 34. Bc2 Re8 35. Nb3 Qg3 36. Qf2 Qxf2+ 37. Kxf2 f6 38. Bg6 Rd8 39. Nd4 Kf8 40. g4 Ke7 41. Kf3 Kd6 42. Rc5 Rc8 43. h4 Rd8 44. h5 Kc7 45. Bd3 Kb6 46. a4 Re8 47. Bf5 Re7 48. a5+ Kb7 49. Bc2 Re8 50. Ba4 Re7 51. Bc2 Re8 52. Rc3 Kc7 53. Nb3 Re7 54. Nc5 Bc8 55. Bd3 Kd6 56. Rc2 Kc7 57. Rg2 Rf7 58. Ke2 Re7 59. Kd2 Kd6 60. g5 hxg5 61. fxg5 fxg5 62. Rxg5 Rf7 63. Rg6+ Kc7 64. Kc3 Re7 65. Kd4 Rf7 66. Rg5 Kd6 67. Rg6+ Kc7 68. Ne6+ Bxe6 69. Rxe6 Kd7 70. Rg6 Re7 71. Rg5 Kd6 72. Rf5 Kc7 73. Rf3 Kd7 74. Rf8 Kc7 75. Bf5 Kb7 76. Bc8+ Kc7 77. Bf5 Kb7 78. Rg8 Kc7 79. Kd3 Rf7 80. Bg6 Re7 81. Re8 Rd7 82. Kd4 Kb7 83. Kc5 Rc7 84. Kd6 Rd7+ 85. Ke6 Rc7 86. Re7 Rxe7+ 87. Kxe7 Kc7 88. Be8 Kb7 89. Kd6 Ka7 90. Bxc6 Nxc6 91. Kxc6 1-0

[Event "Reykjavik op"]
[Site "Reykjavik"]
[Date "2025.04.13"]
[Round "7"]
[White "Pisan, Kai"]
[Black "Xu, Yuanyuan"]
[Result "0-1"]
[WhiteElo "2020"]
[BlackElo "2288"]
[PlyCount "128"]
[EventDate "2025.04.09"]
[EventType "swiss"]
[EventRounds "9"]
[EventCountry "ISL"]
[SourceTitle "CB17_2025"]
[SourceDate "2025.04.23"]
[SourceVersion "1"]
[SourceVersionDate "2025.04.23"]
[SourceQuality "1"]

1. e4 c5 2. Nf3 a6 3. c4 Nc6 4. d4 cxd4 5. Nxd4 e5 6. Nf5 d5 7. cxd5 Bxf5 8. exf5 Nd4 9. Bd3 Ne7 10. f6 gxf6 11. Nc3 Nxd5 12. Bd2 Nxc3 13. Bxc3 Qd5 14. Bxd4 Qxd4 15. 0-0 Rd8 16. Bf5 Qf4 17. Qc2 Bd6 18. g3 Qb4 19. Rfd1 h5 20. a3 Qb6 21. h4 Kf8 22. Rd3 Kg7 23. Rad1 Bb8 24. Rd7 Ba7 25. Kg2 Rxd7 26. Rxd7 Rd8 27. Rxd8 Qxd8 28. a4 Qa5 29. b3 Bd4 30. Qe2 Qc3 31. Qf3 Qe1 32. Bc2 a5 33. Qf5 b6 34. Qf3 e4 35. Qxe4 Qxf2+ 36. Kh3 Be5 37. Qh7+ Kf8 38. Qd3 Bxg3 39. Qxg3 Qxc2 40. Qb8+ Kg7 41. Qxb6 Qf5+ 42. Kg2 Qd5+ 43. Kg3 Qd3+ 44. Kf2 Qd2+ 45. Kf3 f5 46. Qg1+ Kh7 47. Qb6 Qe1 48. Kg2 f4 49. Qc7 Qd2+ 50. Kf1 Kg6 51. Qb6+ f6 52. Qb8 Qd3+ 53. Kf2 Qg3+ 54. Kf1 Qh3+ 55. Kg1 Qe3+ 56. Kf1 Qc1+ 57. Kf2 Kf5 58. Qb5+ Kg4 59. Qd7+ Kxh4 60. Qf5 Qe3+ 61. Kg2 Qe2+ 62. Kh1 Qf3+ 63. Kh2 Qg3+ 64. Kh1 Qh3+ 0-1

[Event "Reykjavik op"]
[Site "Reykjavik"]
[Date "2025.04.10"]
[Round "3"]
[White "Friedel, Joshua E"]
[Black "Xu, Yuanyuan"]
[Result "1-0"]
[WhiteElo "2552"]
[BlackElo "2288"]
[PlyCount "71"]
[EventDate "2025.04.09"]
[EventType "swiss"]
[EventRounds "9"]
[EventCountry "ISL"]
[SourceTitle "CB17_2025"]
[SourceDate "2025.04.23"]
[SourceVersion "1"]
[SourceVersionDate "2025.04.23"]
[SourceQuality "1"]

1. Nf3 Nf6 2. g3 d5 3. Bg2 g6 4. c4 d4 5. b4 c5 6. Bb2 Bg7 7. 0-0 0-0 8. d3 Nc6 9. b5 Nb8 10. e3 dxe3 11. fxe3 a6 12. a4 Ng4 13. Bxg7 Kxg7 14. Qe2 axb5 15. cxb5 Nd7 16. Nc3 Nde5 17. Nxe5 Nxe5 18. Nd5 Bf5 19. Qb2 f6 20. d4 cxd4 21. exd4 Nd3 22. Qe2 Nb4 23. Qxe7+ Qxe7 24. Nxe7 Bd3 25. Rfd1 Nc2 26. Rac1 Nxd4 27. Rc7 Ne6 28. Rxb7 Rxa4 29. Rxd3 Nc5 30. Nf5+ Kg8 31. Rg7+ Kh8 32. Rf7 Ra1+ 33. Bf1 Rc8 34. Rc7 Raa8 35. Rxc8+ Rxc8 36. Nd6 1-0

[Event "Shenzhen Nanshan (Women)"]
[Site "Shenzhen"]
[Date "2024.11.16"]
[Round "1.3"]
[White "Xu, Yuanyuan"]
[Black "Zhu, Jiner"]
[Result "0-1"]
[WhiteElo "2268"]
[BlackElo "2432"]
[PlyCount "50"]
[EventDate "2024.11.16"]
[EventType "k.o."]
[EventRounds "3"]
[EventCountry "CHN"]
[SourceTitle "CB47_2024"]
[SourceDate "2024.11.20"]
[SourceVersion "1"]
[SourceVersionDate "2024.11.20"]
[SourceQuality "1"]

1. Nf3 d5 2. b3 Nf6 3. Bb2 e6 4. c4 Be7 5. g3 0-0 6. Bg2 c5 7. cxd5 Nxd5 8. 0-0 Nc6 9. d4 cxd4 10. Nxd4 Nxd4 11. Bxd4 b6 12. e4 Nb4 13. a3 Nc2 14. Qxc2 Qxd4 15. Nc3 Ba6 16. Rfd1 Qe5 17. b4 Bf6 18. Rac1 Rad8 19. Qa4 Bc4 20. Qxa7 Qxc3 21. Re1 Qb3 22. e5 Bg5 23. f4 Rd2 24. fxg5 Bd5 25. Bf1 Qf3 0-1

[Event "Shenzhen Nanshan (Women)"]
[Site "Shenzhen"]
[Date "2024.11.16"]
[Round "1.2"]
[White "Zhu, Jiner"]
[Black "Xu, Yuanyuan"]
[Result "1-0"]
[WhiteElo "2432"]
[BlackElo "2268"]
[PlyCount "85"]
[EventDate "2024.11.16"]
[EventType "k.o."]
[EventRounds "3"]
[EventCountry "CHN"]
[SourceTitle "CB47_2024"]
[SourceDate "2024.11.20"]
[SourceVersion "1"]
[SourceVersionDate "2024.11.20"]
[SourceQuality "1"]

1. Nf3 d5 2. e3 c5 3. d4 cxd4 4. Nxd4 e5 5. Nf3 Nc6 6. Bb5 f6 7. c4 Be6 8. cxd5 Qd7 9. d6 Qxd6 10. Qd3 Qd5 11. Qxd5 Bxd5 12. Nc3 Bb4 13. Bd2 Be6 14. a3 Ba5 15. Ne4 Bxd2+ 16. Nfxd2 0-0-0 17. Bxc6 bxc6 18. Ke2 Ne7 19. Rhc1 Kc7 20. Nc5 Bf7 21. b4 Kb6 22. Rc2 Rd6 23. Rac1 Rhd8 24. Nde4 Rd5 25. Nc3 R5d6 26. N5e4 Rd3 27. Nc5 R3d6 28. N3e4 Rd5 29. f3 h5 30. a4 a6 31. a5+ Ka7 32. Nc3 R5d6 33. N3a4 Nd5 34. Ne4 R6d7 35. Rxc6 Nxb4 36. Rc7+ Kb8 37. Rxd7 Rxd7 38. Nac5 Rc7 39. Rb1 Ka7 40. Rxb4 f5 41. Nd6 Rxc5 42. Rb7+ Ka8 43. Rxf7 1-0

[Event "Belgrade (Women) 55th"]
[Site "Belgrade"]
[Date "2024.03.10"]
[Round "9"]
[White "Xu, Yuanyuan"]
[Black "Mehmed, Elif"]
[Result "0-1"]
[WhiteElo "2288"]
[BlackElo "2194"]
[PlyCount "66"]
[EventDate "2024.03.02"]
[EventType "tourn"]
[EventRounds "9"]
[EventCountry "SRB"]
[EventCategory "1"]
[SourceTitle "CBM 219 Extra"]
[Source "ChessBase"]
[SourceDate "2024.05.31"]
[SourceVersion "1"]
[SourceVersionDate "2024.05.31"]
[SourceQuality "1"]

1. Nf3 d5 2. e3 Nf6 3. c4 e6 4. Nc3 Bd6 5. b3 0-0 6. Bb2 Re8 7. g4 e5 8. g5 d4 9. gxf6 dxc3 10. Bxc3 Qxf6 11. Rg1 c5 12. Ng5 Bf8 13. Nxh7 Kxh7 14. Qh5+ Kg8 15. Bd3 Bd6 16. 0-0-0 Kf8 17. f4 Qh6 18. Qf3 Nc6 19. Rg5 Qh3 20. Rg3 Qh4 21. Rdg1 exf4 22. Bxg7+ Ke7 23. Rg5 Qh3 24. Qf2 f3 25. Bf1 Qe6 26. Qxf3 Ne5 27. Qh5 f6 28. Bh6 Kd8 29. Rg7 a5 30. Rh7 a4 31. Bh3 Nd3+ 32. Kb1 Qe4 33. Bg5 Nf4+ 0-1

[Event "Kragero op"]
[Site "Kragero"]
[Date "2024.02.23"]
[Round "6"]
[White "Xu, Yuanyuan"]
[Black "Hestholm, Gustav"]
[Result "1-0"]
[WhiteElo "2292"]
[BlackElo "1942"]
[PlyCount "69"]
[EventDate "2024.02.21"]
[EventType "swiss"]
[EventRounds "9"]
[EventCountry "NOR"]
[SourceTitle "CBM 218 Extra"]
[Source "ChessBase"]
[SourceDate "2024.03.31"]
[SourceVersion "1"]
[SourceVersionDate "2024.03.31"]
[SourceQuality "1"]

1. Nf3 d5 2. e3 Nf6 3. c4 e6 4. Nc3 c5 5. cxd5 exd5 6. Bb5+ Nbd7 7. a4 a6 8. Be2 b6 9. 0-0 Bd6 10. d4 Bb7 11. b3 0-0 12. Bb2 Re8 13. Rc1 Rc8 14. Bd3 cxd4 15. Nxd4 Nc5 16. Bb1 Nce4 17. Nxe4 Nxe4 18. Nf5 Bf8 19. Qd4 f6 20. b4 a5 21. bxa5 Bc5 22. Qd1 bxa5 23. Qg4 Rc7 24. f3 Ng5 25. Rxc5 Rxc5 26. Nxg7 Bc8 27. Qh5 Kxg7 28. Qxg5+ Kf7 29. Qh5+ Ke6 30. Ba3 Qb6 31. Qxe8+ Kd6 32. Qxc8 Qc6 33. Qf8+ Ke5 34. Qe7+ Qe6 35. f4# 1-0

[Event "Geraardsbergen op 38th"]
[Site "Geraardsbergen"]
[Date "2023.08.07"]
[Round "3"]
[White "Beukenhorst, Edo"]
[Black "Xu, Yuanyuan"]
[Result "0-1"]
[WhiteElo "1993"]
[BlackElo "2320"]
[PlyCount "162"]
[EventDate "2023.08.06"]
[EventType "swiss"]
[EventRounds "9"]
[EventCountry "BEL"]
[SourceTitle "CBM 215 Extra"]
[Source "ChessBase"]
[SourceDate "2023.09.30"]
[SourceVersion "1"]
[SourceVersionDate "2023.09.30"]
[SourceQuality "1"]

1. e4 c6 2. d4 d5 3. f3 Qa5+ 4. Nc3 b5 5. Bd2 b4 6. Nce2 Qb6 7. Be3 e6 8. Qd2 a5 9. Ng3 Ba6 10. Bxa6 Qxa6 11. N1e2 Nd7 12. 0-0 Nb6 13. b3 h5 14. Rae1 Nf6 15. e5 Nfd7 16. Nf4 g6 17. Nh3 Nc8 18. Ng5 h4 19. Ne2 Ne7 20. g4 hxg3 21. hxg3 Nf5 22. Kg2 Be7 23. g4 Nxe3+ 24. Qxe3 c5 25. dxc5 Qb5 26. Nd4 Qxc5 27. Rd1 a4 28. Qf4 Bxg5 29. Qxg5 axb3 30. axb3 Ra2 31. Rf2 Qc3 32. Qf4 Ra5 33. Rd3 Qe1 34. Rf1 Qxe5 35. Qxe5 Nxe5 36. Re3 Nd7 37. Nc6 Rb5 38. Ra1 Nb8 39. Ne5 0-0 40. Ra7 d4 41. Re4 Rxe5 42. Rxe5 Nc6 43. Raa5 Nxe5 44. Rxe5 Rc8 45. Rb5 Rxc2+ 46. Kg3 Rb2 47. Rxb4 e5 48. Rb5 f6 49. g5 d3 50. gxf6 Kf7 51. Rxe5 Rxb3 52. Rd5 Kxf6 53. Kf2 Ke6 54. Rg5 Kf6 55. Rd5 Ke6 56. Rg5 Kf7 57. Rd5 Kg7 58. f4 Kf6 59. Ke3 d2+ 60. Kxd2 Rf3 61. Ke2 Rxf4 62. Ra5 Kg7 63. Ke3 Rf1 64. Ke4 Kh6 65. Ke3 g5 66. Ke2 Rf4 67. Ke3 Kh5 68. Rb5 Kg4 69. Ke2 Rf8 70. Ra5 Kh4 71. Rb5 g4 72. Rb4 Kh3 73. Rb3+ Kg2 74. Re3 g3 75. Re7 Kh2 76. Rh7+ Kg1 77. Rg7 g2 78. Ke1 Re8+ 79. Kd1 Re5 80. Rg8 Kf2 81. Rf8+ Kg3 0-1

[Event "Merida World Heritage op 3rd"]
[Site "Merida"]
[Date "2023.08.03"]
[Round "6"]
[White "Lopez Mijail, Nicolas"]
[Black "Xu, Yuanyuan"]
[Result "1-0"]
[WhiteElo "2128"]
[BlackElo "2316"]
[PlyCount "93"]
[EventDate "2023.07.31"]
[EventType "swiss"]
[EventRounds "9"]
[EventCountry "ESP"]
[SourceTitle "CBM 215 Extra"]
[Source "ChessBase"]
[SourceDate "2023.09.30"]
[SourceVersion "1"]
[SourceVersionDate "2023.09.30"]
[SourceQuality "1"]

1. e4 c6 2. Nc3 d5 3. Nf3 g6 4. d4 dxe4 5. Nxe4 Bg7 6. h3 Nf6 7. Nxf6+ Bxf6 8. Bh6 c5 9. c3 cxd4 10. Nxd4 Bd7 11. Bc4 Nc6 12. Qb3 e6 13. Nb5 Qb8 14. 0-0-0 Be5 15. Qa3 a6 16. Nd6+ Bxd6 17. Qxd6 Qxd6 18. Rxd6 Ne7 19. Rhd1 Bb5 20. Bxb5+ axb5 21. Rd7 b6 22. a3 Nd5 23. Rb7 g5 24. Bg7 Rg8 25. Bd4 0-0-0 26. Rxf7 h5 27. g3 g4 28. h4 Rgf8 29. Ra7 Rde8 30. Re1 e5 31. Ra8+ Kd7 32. Rxe8 Rxe8 33. Rxe5 Rxe5 34. Bxe5 Ke6 35. Bd4 Kf5 36. Kd2 Ke4 37. Ke2 b4 38. a4 b3 39. Kd2 Ne7 40. Bxb6 Nc6 41. a5 Ne5 42. c4 Nxc4+ 43. Kc3 Kd5 44. Kxb3 Nxb6 45. axb6 Kc6 46. Kc4 Kxb6 47. Kd5 1-0

[Event "Parnu Keres Memorial op"]
[Site "Parnu"]
[Date "2023.07.29"]
[Round "9"]
[White "Pultinevicius, Paulius"]
[Black "Xu, Yuanyuan"]
[Result "1-0"]
[WhiteElo "2517"]
[BlackElo "2316"]
[PlyCount "77"]
[EventDate "2023.07.24"]
[EventType "swiss"]
[EventRounds "9"]
[EventCountry "EST"]
[SourceTitle "CBM 215 Extra"]
[Source "ChessBase"]
[SourceDate "2023.09.30"]
[SourceVersion "1"]
[SourceVersionDate "2023.09.30"]
[SourceQuality "1"]

1. d4 Nf6 2. c4 c5 3. d5 b5 4. cxb5 a6 5. e3 e6 6. dxe6 fxe6 7. Nc3 d5 8. Nf3 Be7 9. bxa6 0-0 10. Be2 Nc6 11. 0-0 e5 12. Qa4 e4 13. Ng5 Nb4 14. f3 Bxa6 15. Qd1 exf3 16. Rxf3 Bc8 17. a3 h6 18. Nh3 d4 19. Bc4+ Kh8 20. Ne2 Bg4 21. Nhf4 Bxf3 22. Ng6+ Kh7 23. Nxf8+ Qxf8 24. gxf3 Nfd5 25. axb4 Rxa1 26. Bxd5 dxe3 27. b5 Bf6 28. Kg2 Bd4 29. Qd3+ g6 30. b6 Qd8 31. b7 Qg5+ 32. Ng3 Qe5 33. Qb5 Qxd5 34. b8Q Rxc1 35. Q5b7+ Qxb7 36. Qxb7+ Kh8 37. Qe4 Kg7 38. b4 Rd1 39. bxc5 1-0

[Event "Parnu Keres Memorial op"]
[Site "Parnu"]
[Date "2023.07.26"]
[Round "4"]
[White "Blomqvist, Erik"]
[Black "Xu, Yuanyuan"]
[Result "1/2-1/2"]
[WhiteElo "2500"]
[BlackElo "2316"]
[PlyCount "104"]
[EventDate "2023.07.24"]
[EventType "swiss"]
[EventRounds "9"]
[EventCountry "EST"]
[SourceTitle "CBM 215 Extra"]
[Source "ChessBase"]
[SourceDate "2023.09.30"]
[SourceVersion "1"]
[SourceVersionDate "2023.09.30"]
[SourceQuality "1"]

1. e4 c6 2. Nf3 d5 3. d3 g6 4. e5 d4 5. Bf4 Bg7 6. Nbd2 c5 7. g3 h6 8. h4 Bg4 9. Bh3 Bxh3 10. Rxh3 Nc6 11. Qe2 Qd5 12. a3 g5 13. hxg5 hxg5 14. Rxh8 Bxh8 15. Nxg5 Nxe5 16. Bxe5 Bxe5 17. Qe4 Nf6 18. Qxd5 Nxd5 19. Ke2 f6 20. Nge4 b6 21. Rh1 Kf7 22. Nc4 Bc7 23. Rh5 Rd8 24. a4 Kg6 25. Rh4 Nb4 26. Kd1 Kg7 27. Kd2 Rh8 28. Rxh8 Kxh8 29. c3 Nc6 30. cxd4 Nxd4 31. Nc3 Nc6 32. Nb5 Bb8 33. Ke3 Kg7 34. Ke4 Kf7 35. f4 e6 36. g4 Kg6 37. f5+ exf5+ 38. gxf5+ Kg5 39. Ne3 Ne7 40. Nc3 Be5 41. Ncd5 Nxd5 42. Nxd5 Bxb2 43. Ne7 a6 44. Nd5 b5 45. axb5 axb5 46. Nc7 c4 47. Nxb5 cxd3 48. Kxd3 Kxf5 49. Nd6+ Kf4 50. Ne4 f5 51. Nd6 Kg4 52. Nxf5 Kxf5 1/2-1/2

[Event "Heart of Finland op 31st"]
[Site "Jyvaskyla"]
[Date "2023.07.22"]
[Round "8"]
[White "Koykka, Pekka"]
[Black "Xu, Yuanyuan"]
[Result "1-0"]
[WhiteElo "2332"]
[BlackElo "2316"]
[PlyCount "83"]
[EventDate "2023.07.17"]
[EventType "swiss"]
[EventRounds "9"]
[EventCountry "FIN"]
[SourceTitle "CBM 215 Extra"]
[Source "ChessBase"]
[SourceDate "2023.09.30"]
[SourceVersion "1"]
[SourceVersionDate "2023.09.30"]
[SourceQuality "1"]

1. e4 c5 2. Nf3 d6 3. d4 cxd4 4. Nxd4 Nf6 5. Nc3 Nc6 6. Bg5 Bd7 7. Qd2 Rc8 8. Nb3 Na5 9. Qd4 a6 10. Be2 h6 11. Bd2 e5 12. Qa7 Nc6 13. Qe3 Be6 14. Bf3 Nb4 15. Rc1 Bc4 16. Be2 Be7 17. Bxc4 Rxc4 18. a3 Nc6 19. Qd3 b5 20. 0-0 Nd4 21. Be3 Ne6 22. a4 Qb8 23. axb5 axb5 24. Nd2 Rb4 25. b3 Nc5 26. Qe2 d5 27. Nxd5 Nxd5 28. exd5 Ne4 29. Nxe4 Rxe4 30. c4 Ba3 31. Ra1 Bb4 32. Qf3 Rxe3 33. Qxe3 0-0 34. c5 Qb7 35. Rfd1 Rc8 36. c6 Qe7 37. Ra7 Qf6 38. Qf3 Qg6 39. h3 Bd6 40. Qg4 Qxg4 41. hxg4 Bc5 42. Ra5 1-0

[Event "Heart of Finland op 31st"]
[Site "Jyvaskyla"]
[Date "2023.07.19"]
[Round "4"]
[White "Xu, Yuanyuan"]
[Black "Salonen, Aku"]
[Result "1-0"]
[WhiteElo "2316"]
[BlackElo "2117"]
[PlyCount "67"]
[EventDate "2023.07.17"]
[EventType "swiss"]
[EventRounds "9"]
[EventCountry "FIN"]
[SourceTitle "CBM 215 Extra"]
[Source "ChessBase"]
[SourceDate "2023.09.30"]
[SourceVersion "1"]
[SourceVersionDate "2023.09.30"]
[SourceQuality "1"]

1. Nf3 Nf6 2. c4 e6 3. b3 d5 4. Bb2 c5 5. e3 Be7 6. cxd5 exd5 7. d4 0-0 8. Be2 b6 9. 0-0 Bb7 10. Nc3 Nbd7 11. Rc1 Rc8 12. Ne5 Bd6 13. f4 cxd4 14. exd4 a6 15. Bd3 b5 16. Qf3 b4 17. Na4 Ne4 18. Qh3 Ndf6 19. Nc5 Nxc5 20. dxc5 Bxe5 21. Bxe5 Ne4 22. Rfd1 f5 23. Bxe4 fxe4 24. c6 Ba8 25. Qe6+ Kh8 26. Rxd5 Qb6+ 27. Kh1 Rxc6 28. Bxg7+ Kxg7 29. Rd7+ Kh8 30. Qe5+ Rcf6 31. Rcc7 Qxc7 32. Qxc7 Rg6 33. Qe5+ Kg8 34. Qe7 1-0

[Event "Belgrade (Women) 53rd"]
[Site "Belgrade"]
[Date "2022.03.31"]
[Round "4"]
[White "Xu, Yuanyuan"]
[Black "Benderac, Ana"]
[Result "1-0"]
[WhiteElo "2317"]
[BlackElo "2184"]
[PlyCount "57"]
[EventDate "2022.03.28"]
[EventType "tourn"]
[EventRounds "9"]
[EventCountry "SRB"]
[SourceTitle "CBM 207 Extra"]
[Source "ChessBase"]
[SourceDate "2022.05.31"]
[SourceVersion "1"]
[SourceVersionDate "2022.05.31"]
[SourceQuality "1"]

1. d4 d5 2. c4 e6 3. Nc3 Nf6 4. cxd5 exd5 5. Bg5 c6 6. Qc2 Be7 7. e3 0-0 8. Bd3 Nbd7 9. Nge2 Re8 10. f3 Nf8 11. 0-0 h6 12. Bh4 Ne6 13. Rad1 b6 14. Kh1 Bb7 15. Bf5 Ng5 16. Bf2 Bc8 17. Bd3 Bb7 18. e4 dxe4 19. fxe4 Ne6 20. Bg1 c5 21. d5 Nc7 22. e5 Nfxd5 23. Bh7+ Kh8 24. Rxf7 Rf8 25. Rxg7 Kxg7 26. Qg6+ Kh8 27. Bg8 Nf6 28. exf6 Bxg2+ 29. Qxg2 1-0